Entry Nombre personal
001 - NÚMERO DE CONTROL
- campo de control: 240457
003 - IDENTIFICADOR DE NÚMERO DE CONTROL
- campo de control: DLC
005 - FECHA Y HORA DE LA ÚLTIMA TRANSACCIÓN
- campo de control: 20250513193345.0
008 - ELEMENTOS DE DATO DE LONGITUD-FIJA
- campo de control de longitud fija: 940322n| acannaabn |a aaa
010 ## - NÚMERO DE CONTROL DE LA BIBLIOTECA DEL CONGRESO
- Número de control de LC: n 94028097
035 ## - NÚMERO DE CONTROL DEL SISTEMA
- Número de control de sistema: (OCoLC)oca03578720
040 ## - FUENTE DE CATALOGACIÓN
- Centro catalogador/agencia de origen: DLC
- Lengua de catalogación: eng
- Centro/agencia transcriptor: DLC
- Centro/agencia modificador: NmU
- Centro/agencia modificador: OCoLC
053 #0 - NÚMERO DE CLASIFICACIÓN LC
- Número de clasificación–único número o número inicial del rango: PQ6653.A7186
100 1# - ENCABEZAMIENTO-NOMBRE DE PERSONA
- Nombre de persona: Carreño, Alfonso,
- Fechas asociadas al nombre: 1932-1988
400 1# - TRAZADO DE VÉASE--NOMBRE DE PERSONA
- Nombre de persona: Carreño González-Calero, Alfonso,
- Fechas asociadas al nombre: 1932-1988
400 1# - TRAZADO DE VÉASE--NOMBRE DE PERSONA
- Nombre de persona: González-Calero, Alfonso Carreño,
- Fechas asociadas al nombre: 1932-1988
400 1# - TRAZADO DE VÉASE--NOMBRE DE PERSONA
- Nombre de persona: Calero, Alfonso Carreño González-,
- Fechas asociadas al nombre: 1932-1988
670 ## - FUENTE DE DATOS ENCONTRADOS
- Cita de la fuente: Dormitorio de cosechas, 1990:
- Información encontrada: t.p. (Alfonso Carreño) p. 287 (b. 1932 in Bullas, Spain; poet; d. 1988)
670 ## - FUENTE DE DATOS ENCONTRADOS
- Cita de la fuente: El tránsito en su huella, 1999:
- Información encontrada: t.p. (Alfonso Carreño) front cover flap (Alfonso Carreño González-Calero)
